Si chaque club ne pouvait gagner la Ligue des Champions qu'une seule f - Statistiques

Statistiques générales
  • Ce quiz a été pris 85 fois
  • Le résultat moyen est 50 sur 70
Statistiques - réponses
Année Résultat réel Pays Réponse % Correct
1955 Vainqueur Espagne Real Madrid
98%
1963 Vainqueur Italie Inter Milan
96%
1967 Vainqueur Angleterre Manchester United
93%
1989 Demi-Finale France Olympique de Marseille
93%
1986 Vainqueur Portugal FC Porto
91%
1973 Vainqueur Allemagne Bayern Munich
90%
1996 Vainqueur Allemagne Borussia Dortmund
90%
1972 Finaliste Italie Juventus FC
90%
1964 Demi-Finale Angleterre Liverpool FC
90%
2004 Quart de Finale France Olympique Lyonnais
90%
1957 Finaliste Italie AC Milan
89%
2003 Demi-Finale Angleterre Chelsea FC
89%
1991 Vainqueur Espagne FC Barcelone
89%
2014 Huitièmes de Finale Angleterre Manchester City
89%
1994 Demi-Finale France Paris Saint-Germain
89%
1960 Vainqueur Portugal SL Benfica
88%
1971 Quart de Finale Angleterre Arsenal FC
86%
1958 Finaliste France Stade de Reims
86%
1968 Finaliste Pays-Bas Ajax Amsterdam
85%
1966 Vainqueur Ecosse Celtic FC
85%
1987 Vainqueur Pays-Bas PSV Eindhoven
83%
1999 Finale Espagne Valence CF
83%
1993 Demi-Finale France AS Monaco
81%
1975 Finaliste France AS Saint-Etienne
81%
1990 Vainqueur Serbie Etoile rouge de Belgrade
81%
2008 Huitièmes de Finale Espagne Atlético Madrid
80%
1988 Demi-Finale Turquie Galatasaray SK
80%
1984 Demi-Finale France Girondins de Bordeaux
79%
2006 Huitièmes de Finale France LOSC Lille
78%
1961 Demi-Finale Angleterre Tottenham Hotspur
78%
2018 Phase de Groupes Italie SSC Naples
77%
1983 Finaliste Italie AS Rome
75%
1969 Vainqueur Pays-Bas Feyenoord
75%
1978 Vainqueur Angleterre Nottingham Forest
75%
2017 Quart de Finale Espagne Séville FC
75%
1997 Quart de Finale Allemagne Bayer Leverkusen
74%
2024 Seizièmes de Finale France Stade Brestois 29
74%
1985 Vainqueur Roumanie Steaua Bucarest
73%
1995 Demi-Finale France FC Nantes
72%
1981 Vainqueur Angleterre Aston Villa
70%
1956 Finaliste Italie AC Fiorentina
69%
1979 Finaliste Allemagne Hambourg SV
69%
1992 Phase de Groupes Ecosse Rangers FC
69%
2001 Phase de Groupes République Tchèque Sparta Prague
69%
2023 Huitièmes de Finale Danemark FC Copenhague
67%
2021 Huitièmes de Finale Autriche RB Salzbourg
67%
1998 Demi-Finale Ukraine Dynamo Kiev
65%
2020 Huitièmes de Finale Italie Lazio Rome
65%
2019 Demi-Finale Allemagne RB Leipzig
64%
2009 Quart de Finale Russie CSKA Moscou
63%
1970 Finaliste Grèce Panathinaïkos
63%
2013 Huitièmes de Finale Russie Zénith Saint-Pétersbourg
63%
2011 Quart de Finale Chypre APOEL Nicosie
62%
2000 Quart de Finale Espagne Deportivo La Corogne
62%
1977 Finaliste Belgique Club Bruges
60%
1982 Demi-Finale Espagne Real Sociedad
60%
2010 Demi-Finale Allemagne Schalke 04
58%
2016 Quart de Finale Angleterre Leicester City
57%
1980 Quart de Finale Bulgarie CSKA Sofia
56%
2007 Quart de Finale Turquie Fenerbahçe SK
56%
2002 Phase de Groupes Angleterre Newcastle United
54%
1974 Finaliste Angleterre Leeds United
52%
2022 Phase de Groupes Portugal Sporting Portugal
48%
1959 Finaliste Allemagne Eintracht Francfort
47%
1965 Finaliste Serbie FK Partizan Belgrade
47%
2015 Quart de Finale Allemagne VfL Wolfsburg
44%
1976 Finaliste Allemagne Borussia Mönchengladbach
43%
2012 Quart de Finale Espagne Malaga CF
43%
2005 Demi-Finale Espagne Villarreal CF
33%
1962 Demi-Finale Ecosse Dundee FC
22%
Aucun quiz correspondant
Distribution des résultats
% des personnes avec chaque résultat
Percentile par nombre de réponses
Votre historique - résultats
Vous n’avez pas pris ce quiz